000 01561nam a2200217 a 4500
001 ASIN0077221400
005 20140613022252.0
008 140613s2008 xxu eng d
020 _a0077221400 (hardcover)
020 _a9780077221409 (hardcover)
100 1 _aBeer, Ferdinand.
245 1 0 _aMechanics of materials /
_cFerdinand Beer, Jr., E. Russell Johnston, John DeWolf, David Mazurek.
250 _a5th ed.
260 _a[S.l.] :
_bMcGraw-Hill Science/Engineering/Math,
_c2008.
300 _a816 p. ;
_c26 cm.
520 _aAt McGraw-Hill, we believe Beer and Johnston’s Mechanics of Materials is the uncontested leader for the teaching of solid mechanics. Used by thousands of students around the globe since it’s publication in 1981, Mechanics of Materials , provides a precise presentation of the subject illustrated with numerous engineering examples that students both understand and relate to theory and application. The tried and true methodology for presenting material gives your student the best opportunity to succeed in this course. From the detailed examples, to the homework problems, to the carefully developed solutions manual, you and your students can be confident the material is clearly explained and accurately represented. If you want the best book for your students, we feel Beer, Johnston’s Mechanics of Materials , 5th edition is your only ch
700 _aJohnston, Jr., E. Rus
700 _aDeWolf,
700 _aMazurek, D
856 _3Amazon.com
_uhttp://www.amazon.com/exec/obidos/ASIN/0077221400/chopaconli
999 _c6441
_d6441